20 Mars 2025 | Football - Statistiques

Statistiques générales
  • Ce quiz a été pris 257 fois
  • Le résultat moyen est 11 sur 15
Statistiques - réponses
Question Réponse % Correct
Quel pays a remporté la Coupe du Monde de la FIFA en 2018 ? France
100%
Qui est le meilleur buteur de l'histoire de la Ligue des champions ? Cristiano Ronaldo
98%
Dans quel club Lionel Messi a-t-il passé la majorité de sa carrière ? FC Barcelone
93%
Quel pays a organisé la Coupe du Monde en 2014 ? Brésil
92%
Quelle équipe a le plus de titres en Premier League ? Manchester United
90%
Qui a remporté le Ballon d'Or en 2020 ? Personne, (Le Ballon d'Or n'a pas été décerné, mais en 2019, c'était Messi)
88%
Quel pays a remporté le plus de Coupes du Monde féminines ? États-Unis
80%
Qui est l'entraîneur légendaire de Manchester City depuis 2016 ? Pep Guardiola
78%
Quel joueur est connu sous le surnom de "Beckham" ? David Beckham
72%
Quel club a remporté la Ligue des champions en 2021 ? Chelsea
68%
Quel défenseur est connu pour son engagement et sa force physique, jouant pour Liverpool ? Virgil van Dijk
68%
Quel est le stade le plus emblématique de l’Angleterre ? Wembley
65%
Quel est l'âge limite pour jouer dans la FIFA World Cup Junior ? 20 ans
58%
Quel est le surnom de l'équipe nationale allemande ? Die Mannschaft
11%
Quel est le poids réglementaire d’un ballon de football en compétition ? (En mg) 410-450 milligrammes
6%
Aucun quiz correspondant
Distribution des résultats
% des personnes avec chaque résultat
Percentile par nombre de réponses
Votre historique - résultats
Vous n’avez pas pris ce quiz